Web Icons Quiz Stats

 Plays Quiz Updated May 16, 2018

Score 0/30 Timer 06:00
7 Plays Today
% Correct
Facebook
98.8%
Google
98.6%
Spotify
98.5%
Twitter
96.2%
Wikipedia
92%
Amazon.com
90.3%
MSN
78.8%
Skype
77.8%
Discord
72.4%
Napster
68.5%
MySpace
63.1%
The Onion
54.4%
Pandora
54.4%
Hulu
53%
E*Trade
45.6%
% Correct
Blogger
30.6%
LinkedIn
24.6%
StumbleUpon
20.4%
Tumblr
20.3%
Flickr
18.7%
Reddit
17.6%
Slack
15.4%
Bebo
13.9%
Word Press
13.2%
Meebo
6.6%
Delicious
6.5%
Fark
4.6%
Imeem
3.8%
Metacafe
2.7%
Technorati
1.6%

You're not logged in!

Compare scores with friends on all Sporcle quizzes.
OR
Log In

Sporcle TV

Today on Sporcle TV


Watch our educational content, quiz creation guides, and fun videos on Sporcle TV.

Show Comments

Extras

Top Quizzes Today


Score Distribution

Your Account Isn't Verified!

In order to create a playlist on Sporcle, you need to verify the email address you used during registration. Go to your Sporcle Settings to finish the process.

Report this User

Report this user for behavior that violates our Community Guidelines.

Details: